[Event "Vamos jogar?"]
[Site "http://www.queenalice.com/game.php?id=194589"]
[Date "2007.4.10"]
[Round "-"]
[White "ariel_frainer"]
[Black "PotHix"]
[Result "1-0"]
[WhiteElo "1392"]
[BlackElo "1322"]

1. Nc3 e5 2. Nf3 Nc6 3. e4 d6 4. d4 exd4 5. Nxd4 Nxd4 6. Qxd4 c5 7. Qe3 Nf6 8.
Qf3 Bg4 9. Qe3 Qa5 10. e5 dxe5 11. Qxe5+ Be7 12. f3 Nd7 13. Qxg7 Bf5 14. Qxh8+
Bf8 15. Bb5 O-O-O 16. Bg5 Be7 17. Qg7 f6 18. Qxe7 fxg5 19. O-O-O Qc7 20. g4 Bg6
21. Rd5 a6 22. Ba4 b5 23. Bb3 c4 24. Qxg5 Qa5 25. a4 cxb3 26. cxb3 Qb6 27. axb5
axb5 28. Nxb5 Bf7 29. Nd6+ Kc7 30. Rb5 Qxd6 31. Qg7 Qc5+ 32. Qc3 Kc6 33. Rxc5+
Nxc5 34. b4 Rd5 35. Qf6+ Be6 36. bxc5 Kd7 37. Re1 Rxc5+ 38. Kd2 Rc6 39. b4 Rb6
40. Qd4+ Rd6 41. Kc3 Rxd4 42. Kxd4 Bb3 43. Rc1 Ba4 44. Kc5 h6 45. f4 Ke6 46.
Re1+ Kf6 47. h4 Bd7 48. Rg1 Ke6 49. Re1+ Kf7 50. g5 hxg5 51. fxg5 Kg6 52. Kd6
Ba4 53. Ra1 Be8 54. Ke7 Bc6 55. Re1 Kh5 56. Kd6 Ba4 57. Re4 Bb5 58. Kc5 Bd7 59.
b5 Be8 60. b6 Bg6 61. b7 Bxe4 62. b8=Q Kxh4 63. Qg8 Bf5 64. g6 Kh5 65. g7 Kg6
66. Kd6 Bc8 67. Qh8 1-0

[Event "Challenge"]
[Site "http://www.queenalice.com/game.php?id=196732"]
[Date "2007.4.14"]
[Round "-"]
[White "ariel_frainer"]
[Black "jumping"]
[Result "0-1"]
[WhiteElo "1363"]
[BlackElo "1493"]

1. Nc3 e5 2. Nf3 Nc6 3. d4 exd4 4. Nxd4 d5 5. e4 Nf6 6. exd5 Nxd5 7. Nxd5 Qxd5
8. Nxc6 Qxc6 9. Qe2+ Be7 10. Bf4 O-O 11. Rd1 Re8 12. Qf3 Bb4# 0-1

[Event "Challenge"]
[Site "http://www.queenalice.com/game.php?id=196733"]
[Date "2007.4.14"]
[Round "-"]
[White "ariel_frainer"]
[Black "boonen"]
[Result "0-1"]
[WhiteElo "1500"]
[BlackElo "1489"]

1. Nc3 d5 2. Nf3 Nf6 3. d4 Nc6 4. Ng5 e5 5. dxe5 Nxe5 6. e4 Nxe4 7. Bb5+ c6 8.
Ba4 Nxg5 9. Bxg5 Qxg5 10. O-O Bh3 11. g4 Bxf1 12. Kxf1 Nxg4 13. h3 Nh2+ 14. Ke1
O-O-O 15. b4 Re8+ 16. Ne2 Bxb4+ 17. c3 Bxc3+ 18. Qd2 Qg1# 0-1

[Event "Challenge"]
[Site "http://www.queenalice.com/game.php?id=197316"]
[Date "2007.4.15"]
[Round "-"]
[White "ariel_frainer"]
[Black "Viper_SB"]
[Result "0-1"]
[WhiteElo "1425"]
[BlackElo "1774"]

1. Nc3 g6 2. Nf3 Bg7 3. d4 d5 4. e4 dxe4 5. Nxe4 e6 6. Bb5+ c6 7. Bc4 Ne7 8. Bg5
Bd7 9. Nd6+ Kf8 10. Nxb7 Qc7 11. Nc5 f6 12. Bh4 Nf5 13. Nxe6+ Bxe6 14. Bxe6 Nxh4
15. Nxh4 Bh6 16. c4 Kg7 17. Qf3 Re8 18. Qe4 Qd7 19. d5 cxd5 20. cxd5 Qd6 21. Rd1
Na6 22. g4 Nc5 23. Qe2 Bg5 24. Nf3 a5 25. Nxg5 fxg5 26. Rg1 Qxh2 27. Rg3 Qh1+
28. Kd2 Qe4 29. Re3 Qb4+ 30. Kc2 Rab8 31. Rb1 a4 32. Qd1 Rf8 33. f3 Nxe6 34.
dxe6 Rbc8+ 35. Kd3 Rfd8+ 36. Ke2 Rxd1 37. Rxd1 Rc2+ 38. Kf1 Rc7 39. Re4 Qf8 40.
Ke2 Rc2+ 41. Rd2 Rxd2+ 42. Kxd2 Qxf3 43. Rxa4 Qd5+ 44. Kc3 Qxe6 45. Ra7+ Kh6 46.
Ra4 Qe3+ 47. Kc2 Qe2+ 48. Kb3 Kg7 49. Ra7+ Kf6 50. a4 Qxg4 51. a5 Qe6+ 52. Kb4
h5 53. Kb5 Kf5 54. a6 Qb3+ 55. Ka5 g4 56. Rb7 Qd5+ 57. Kb6 Qd8+ 58. Kc6 Qc8+ 59.
Kb6 Qe6+ 60. Ka5 Qc6 61. b4 g3 62. b5 Qc7+ 63. b6 Qc5+ 64. Ka4 g2 65. a7 Qc6+
66. Ka5 Qxb7 67. Kb5 g1=Q 68. Ka5 Qgxb6+ 69. Ka4 Q7xa7# 0-1

[Event "Challenge"]
[Site "http://www.queenalice.com/game.php?id=200099"]
[Date "2007.4.21"]
[Round "-"]
[White "jumping"]
[Black "ariel_frainer"]
[Result "0-1"]
[WhiteElo "1506"]
[BlackElo "1336"]

1. e4 Nf6 2. Nc3 Nc6 3. d4 e5 4. Nf3 exd4 5. Nxd4 Nxd4 6. Qxd4 Qe7 7. Nb5 c5 8.
Qe3 Qxe4 9. Nc7+ Kd8 10. Nxa8 Qxe3+ 11. Bxe3 b6 12. Bf4 Bb7 13. Nc7 a5 14. Bc4
Nh5 15. g3 Bxh1 16. O-O-O Bf3 17. Re1 d6 18. Nb5 Be7 19. Bxf7 Nxf4 20. gxf4 Rf8
21. Re3 Rxf7 22. Rxf3 g5 23. f5 g4 24. Rf4 Bg5 25. Nxd6 Bxf4+ 0-1

[Event "Challenge"]
[Site "http://www.queenalice.com/game.php?id=202435"]
[Date "2007.4.26"]
[Round "-"]
[White "MichelTA"]
[Black "ariel_frainer"]
[Result "1-0"]
[WhiteElo "1527"]
[BlackElo "1353"]

1. Nf3 Nf6 2. Nc3 Nc6 3. d4 d5 4. Bf4 Bf5 5. h3 e6 6. g4 Be4 7. Nxe4 dxe4 8. Ng5
Nxd4 9. Bg2 h6 10. e3 Nb5 11. Nxe4 Qxd1+ 12. Rxd1 Bb4+ 13. c3 Bd6 14. Nxf6+ Ke7
15. Bxb7 Rab8 16. Bc6 Kxf6 17. Rg1 Rhd8 18. g5+ hxg5 19. Bxg5+ Kf5 20. Bxd8 Rxd8
21. Bxb5 Rb8 22. Bd3+ Kf6 23. f4 Rxb2 24. a3 Bxa3 25. Ra1 Bc5 26. Ra5 Bxe3 27.
Rf1 g5 28. fxg5+ Ke7 29. Re5 Rd2 30. Rxe3 Ra2 31. Ref3 Ra5 32. Rxf7+ Kd6 33. Bc4
Re5+ 34. Kd1 Rxg5 35. R1f6 Kc5 36. Bxe6 a5 37. Rxc7+ Kb5 38. c4+ Kb4 39. Rb7+
Kc3 40. Rf3+ Kd4 41. Rd7+ Ke4 42. Rf1 a4 43. Ra7 Ke5 44. Re1+ Kf4 45. Rxa4 Kf3
46. h4 Rh5 47. Ra3+ Kf4 48. Rf1+ Ke5 49. Re3+ Kd4 50. Ke2 Rxh4 51. Rd1+ Kc5 52.
Re5+ Kb4 53. c5 Kb5 54. Bd7+ Kc4 55. c6 Rh2+ 56. Ke1 Rh1+ 57. Kd2 Rh2+ 58. Re2
1-0

[Event "Challenge"]
[Site "http://www.queenalice.com/game.php?id=204635"]
[Date "2007.5.1"]
[Round "-"]
[White "ariel_frainer"]
[Black "hk1960"]
[Result "1-0"]
[WhiteElo "1420"]
[BlackElo "978"]

1. Nc3 Nf6 2. Nf3 Nc6 3. d4 d5 4. Nb5 Ne4 5. Bf4 e6 6. Nxc7+ Ke7 7. Nxa8 Ke8 8.
Nc7+ Ke7 9. e3 Kd7 10. Ne5+ Kd6 11. Nxf7+ Ke7 12. Nxd8 Kxd8 13. Nxe6+ Ke8 14.
Nxg7+ Bxg7 15. Be5 Rg8 16. Bxg7 Rxg7 17. Qh5+ Kd8 18. Qxd5+ Kc7 19. Qxe4 h5 20.
d5 Rf7 21. dxc6 Rf6 22. Qe7+ Kb6 23. Qxf6 bxc6 24. Qh6 Bf5 25. Qxh5 Bxc2 26. Rc1
Be4 27. Qc5+ Kc7 28. Qe7+ Kb6 29. Qxe4 1-0

[Event "Challenge"]
[Site "http://www.queenalice.com/game.php?id=205798"]
[Date "2007.5.4"]
[Round "-"]
[White "ariel_frainer"]
[Black "jumping"]
[Result "0-1"]
[WhiteElo "1431"]
[BlackElo "1474"]

1. e4 e5 2. Nf3 Nc6 3. Nc3 Nf6 4. Bc4 h6 5. d4 exd4 6. Nxd4 Bc5 7. Nxc6 bxc6 8.
e5 Qe7 9. Qe2 Nh5 10. Qxh5 d6 11. Bf4 dxe5 12. Bxe5 O-O 13. O-O-O Bxf2 14. Bg3
Be3+ 15. Kb1 c5 16. Nd5 Qe4 17. Nxc7 Rb8 18. Rhf1 Qxc4 19. Nd5 Bd4 20. Bxb8 Qb5
21. Bd6 Qxb2# 0-1

[Event "Juego"]
[Site "http://www.queenalice.com/game.php?id=205977"]
[Date "2007.5.4"]
[Round "-"]
[White "ariel_frainer"]
[Black "REUSKING"]
[Result "0-1"]
[WhiteElo "1431"]
[BlackElo "1873"]

1. Nc3 e5 2. e4 Nf6 3. Qf3 Nc6 4. Bc4 Nd4 5. Qd3 Be7 6. Nf3 Nxf3+ 7. Qxf3 O-O 8.
O-O d6 9. d3 Bg4 10. Qe3 Qd7 11. f3 Be6 12. Bb5 c6 13. Bc4 Bxc4 14. dxc4 Bd8 15.
f4 Bb6 16. c5 Bxc5 17. fxe5 Bxe3+ 18. Bxe3 dxe5 19. Rad1 Qe6 20. b4 b6 21. b5 c5
22. Nd5 Nxd5 23. exd5 Qg6 24. d6 Rad8 25. d7 Qe6 26. Bg5 f6 27. Bh4 Rxd7 28.
Rxd7 Qxd7 29. c4 Qd4+ 30. Bf2 Qxc4 31. Rb1 Qxa2 32. Rd1 Qe6 33. Ra1 Rf7 34. Rd1
Rd7 35. Rxd7 Qxd7 36. h4 Qxb5 37. h5 a5 38. g4 a4 0-1

[Event "Challenge"]
[Site "http://www.queenalice.com/game.php?id=206557"]
[Date "2007.5.5"]
[Round "-"]
[White "ariel_frainer"]
[Black "gilsinho22"]
[Result "0-1"]
[WhiteElo "1322"]
[BlackElo "1560"]

1. Nc3 f5 2. Nf3 h6 3. e4 fxe4 4. Nxe4 d5 5. Nc5 b6 6. Ne6 Bxe6 7. Ne5 Bf5 8.
Qf3 Nf6 9. Qxf5 Qd6 10. Bb5+ c6 11. Ba6 Nxa6 12. O-O e6 13. Qg6+ Kd8 14. Qg3 Qc7
15. Ng6 Rg8 16. Re1 Bd6 17. f4 Nh5 18. Qe3 Nc5 19. d4 Ne4 20. Qh3 Nxf4 21. Qh4+
Be7 22. Nxe7 g5 23. Qxh6 Qxe7 24. c3 Rg6 25. Qh8+ Qe8 26. Qh7 Nf6 27. Qb7 Rc8
28. Qxa7 Nd7 29. g3 Nd3 30. Rf1 Ke7 31. Qa3+ c5 32. dxc5 N7xc5 33. Qa7+ Nd7 34.
Qa3+ N7c5 35. Qa7+ Qd7 36. Qxb6 Qb7 37. Qxb7+ Nxb7 38. a4 Na5 39. Rd1 Ne5 40.
Re1 Nf3+ 41. Kf1 Nb3 42. Be3 Nxa1 43. Rxa1 Nxh2+ 44. Kg2 Ng4 45. Bb6 Rb8 46.
Bc5+ Kf7 47. Rf1+ Rf6 48. Bd4 Rxb2+ 49. Kg1 e5 50. Rxf6+ Kxf6 51. Bc5 Ra2 52.
Bb6 Rxa4 53. Bd8+ Kg6 54. Kg2 Rc4 55. Ba5 e4 56. Kf1 e3 57. Ke1 Ra4 0-1

[Event "Spiel"]
[Site "http://www.queenalice.com/game.php?id=207778"]
[Date "2007.5.8"]
[Round "-"]
[White "ariel_frainer"]
[Black "jumping"]
[Result "0-1"]
[WhiteElo "1420"]
[BlackElo "1527"]

1. Nc3 e5 2. Nf3 Nc6 3. d4 exd4 4. Nxd4 Nxd4 5. Qxd4 Nf6 6. Bg5 Be7 7. Qe5 O-O
8. Nb5 d6 9. Qe3 Nd5 10. Bxe7 Nxe3 11. Bxd8 Nxc2+ 12. Kd1 Nxa1 13. Be7 Bd7 14.
Nxc7 Rac8 15. Nd5 Rfe8 16. e4 Nc2 17. Bd3 Nd4 18. Re1 a6 19. Bg5 Bb5 20. Bxb5
axb5 21. Nb6 Rc2 22. Be3 Rxe4 23. f3 Re6 24. Bxd4 Rxg2 25. Rg1 Rxh2 26. Rxg7+
Kf8 27. Nd7+ Ke7 28. Nb6 Rh1+ 29. Rg1 Rh3 30. f4 Rd3+ 31. Kc2 Rxd4 32. f5 Re2+
33. Kc3 Rh4 34. Kd3 Rxb2 35. Re1+ Kd8 36. Rc1 Rh3+ 37. Kd4 Rb4+ 38. Kd5 Rd3# 0-1

[Event "Jogo"]
[Site "http://www.queenalice.com/game.php?id=208794"]
[Date "2007.5.10"]
[Round "-"]
[White "ariel_frainer"]
[Black "PotHix"]
[Result "0-1"]
[WhiteElo "1399"]
[BlackElo "1348"]

1. Nc3 e5 2. Nf3 Nc6 3. d4 d5 4. dxe5 Bf5 5. Bg5 f6 6. exf6 gxf6 7. Bh4 d4 8.
Nxd4 Qxd4 9. Qxd4 Nxd4 10. O-O-O O-O-O 11. Bxf6 Nxf6 12. Nb5 Bc5 13. e3 Nxb5 14.
Bxb5 c6 15. Rxd8+ Rxd8 16. c3 cxb5 17. b4 Bd6 18. f3 a5 19. bxa5 Ba3# 0-1

[Event "Challenge"]
[Site "http://www.queenalice.com/game.php?id=208915"]
[Date "2007.5.10"]
[Round "-"]
[White "technicaldraw"]
[Black "ariel_frainer"]
[Result "1-0"]
[WhiteElo "2058"]
[BlackElo "1425"]

1. e4 Nf6 2. Nc3 Nc6 3. Nf3 e5 4. Bb5 Ng4 5. h3 a6 6. Bxc6 dxc6 7. hxg4 Be6 8.
d3 Bxg4 9. Be3 Bb4 10. a3 Ba5 11. b4 Bb6 12. Bxb6 cxb6 13. Qd2 g5 14. Nxe5 c5
15. Nxg4 cxb4 16. axb4 Qd7 17. Nf6+ Ke7 18. Nxd7 Kxd7 19. Qxg5 Rac8 20. Rh6 Rxc3
21. Qd5+ Ke7 22. Qe5+ Kf8 23. Qxh8+ Ke7 24. Qxc3 1-0

[Event "Challenge"]
[Site "http://www.queenalice.com/game.php?id=213116"]
[Date "2007.5.19"]
[Round "-"]
[White "mogerio"]
[Black "ariel_frainer"]
[Result "1-0"]
[WhiteElo "1310"]
[BlackElo "1348"]

1. e4 e5 2. d3 Nf6 3. Nc3 Bb4 4. Bd2 d6 5. Nd5 Nxd5 6. exd5 Bxd2+ 7. Qxd2 b6 8.
Be2 Na6 9. Nf3 Nc5 10. O-O Bf5 11. Rad1 a5 12. Rde1 O-O 13. Ng5 f6 14. Nf3 g5
15. d4 exd4 16. Nxd4 Ne4 17. Qd3 Qe8 18. f3 Nc5 19. Qxf5 h6 20. Bd3 Qa4 21. Qh7#
1-0

[Event "Challenge"]
[Site "http://www.queenalice.com/game.php?id=213917"]
[Date "2007.5.20"]
[Round "-"]
[White "Icarvs"]
[Black "ariel_frainer"]
[Result "1-0"]
[WhiteElo "1431"]
[BlackElo "1369"]

1. e4 Nf6 2. Bc4 Nxe4 3. Bxf7+ Kxf7 4. Qh5+ g6 5. Qd5+ e6 6. Qxe4 d5 7. Qf3+ Qf6
8. Qxf6+ Kxf6 9. d4 Bb4+ 10. c3 Ba5 11. Nf3 Nc6 12. Bg5+ Kf7 13. O-O b6 14. a3
Re8 15. Re1 Ne7 16. Ne5+ Kg7 17. Re3 h6 18. Bf4 Nf5 19. Rh3 g5 20. g4 gxf4 21.
gxf5 exf5 22. f3 Bd7 23. Nd2 c5 24. dxc5 bxc5 25. Nxd7 Re2 26. Rd1 Rd8 27. Nxc5
Bb6 28. b4 a5 29. Kh1 Rc8 30. Rg1+ Kf7 31. Ndb3 axb4 32. cxb4 Ra8 33. Rxh6 Bxc5
34. Rh7+ Kf6 35. Nxc5 Rxa3 36. Nd7+ Ke6 37. Rg6# 1-0

[Event "Challenge"]
[Site "http://www.queenalice.com/game.php?id=225192"]
[Date "2007.6.15"]
[Round "-"]
[White "mogerio"]
[Black "ariel_frainer"]
[Result "0-1"]
[WhiteElo "1334"]
[BlackElo "1333"]

1. e4 e5 2. d4 Bb4+ 3. Bd2 Bxd2+ 4. Qxd2 exd4 5. Qxd4 Nc6 6. Nf3 Nxd4 7. Nxd4
Qe7 8. f3 Qb4+ 9. c3 Qxb2 10. Nb3 d6 11. N1d2 Be6 12. Rd1 Qxc3 13. Na5 Qxa5 14.
Be2 Qxa2 15. Bb5+ c6 16. Bd3 c5 17. O-O c4 18. Nxc4 Bxc4 19. Bxc4 Qxc4 20. Rfe1
Qc5+ 21. Kf1 Rd8 22. f4 Qh5 23. Rd2 Qxh2 24. e5 Qxf4+ 25. Rf2 Qc4+ 26. Rfe2 dxe5
27. Kf2 Nf6 28. Rxe5+ Kd7 29. Re7+ Kd6 30. Rxf7 Qxf7 31. Rd1+ Nd5+ 32. Ke2 Qh5+
33. Ke1 Rhe8+ 34. Kd2 Qe2+ 35. Kc1 Qxg2 36. Rd2 Rc8+ 0-1

[Event "Challenge"]
[Site "http://www.queenalice.com/game.php?id=234141"]
[Date "2007.7.3"]
[Round "-"]
[White "ederdionatan"]
[Black "ariel_frainer"]
[Result "0-1"]
[WhiteElo "1291"]
[BlackElo "1313"]

1. e3 Nf6 2. Bc4 d5 3. Bb5+ c6 4. Bd3 Na6 5. Ne2 Nc5 6. Nf4 Bg4 7. f3 Bh5 8.
Nxh5 Nxh5 9. O-O e6 10. Nc3 Bd6 11. Qe2 Qh4 12. g3 Bxg3 13. Qg2 Be5 14. Ne4 dxe4
15. fxe4 O-O-O 16. Rxf7 Qe1+ 17. Bf1 Nxe4 18. Qxe4 Nf6 19. Rxg7 Nxe4 20. d3 Qf2+
21. Kh1 Qxh2# 0-1